000 00339cam a22001097a 4500
008 180718b1990 xxu||||| |||| 00| 0 eng d
082 _aG1x54 P/G
245 _aEminent Parliamentarians: Bhupesh Gupta
_cby Lok Sabha Secretariat
260 _aNew Delhi
_bLok Sabha Secretariat
_c1990
300 _a136+p
700 _aIndia. Lok Sabha Secretariat
999 _c490725
_d490725